000 01363nam a22003857a 4500
003 CHAP
005 20220329134905.0
008 971013s1975 r 10010 d
010 _a27592
011 _a28564
035 _a32669
040 _cCHAP
082 _a630.72
_bC62 1973
111 0 0 _aCongreso Regional del CIASE (
_n2
_d: 1973
_c: Veracruz, Ver.)
_927151
245 _aMemorias
260 _a(Cotaxtla, Ver.) :
_bCentro de Investigaciones Agrícolas del Sureste,
_c(1975)
300 _apág. varía
590 _aBATCH-UPD
_b10
_c20130110
_lUCH01
_h0024
590 _aBATCH-UPD
_b10
_c20130110
_lUCH01
_h1052
590 _aBATCH-UPD
_b10
_c20130409
_lUCH01
_h2005
590 _aBATCH-UPD
_b10
_c20130410
_lUCH01
_h0649
590 _aBATCH-UPD
_b10
_c20130913
_lUCH01
_h2107
590 _aCONVERSION
_b10
_c20130109
_lUCH01
_h1316
650 1 4 _aAgricultura
_xInvestigación
_xVeracruz.
_91691
650 1 4 _aCapsicum annum.
_918733
650 1 4 _aCultivos tropicales.
_930383
650 1 4 _aMango.
_970395
650 1 4 _aPapaya.
_985322
650 1 4 _aPimienta negra.
_988115
710 0 _aINIA. México. Centro de Investigaciones Agrícolas del Sureste.
_958563
901 _aBK
942 _cLIBRO
949 _a630.72 C62 1973
_bBC
_cLIBRO
_d-76068
_eLIBRO
_fc.2
_h43838
_i32669
_si
949 _a630.72 C62 1973
_bBC
_cLIBRO
_d33724000037644
_eLIBRO
_h40861
_i32669
_mD
_si
999 _c27592
_d27592